Stories by English Authors : (Record no. 231473)
[ view plain ]
| 000 -LEADER | |
|---|---|
| fixed length control field | 01267cam a22003253a 4500 |
| 001 - CONTROL NUMBER | |
| control field | 2135 |
| 003 - CONTROL NUMBER IDENTIFIER | |
| control field | PGUSA |
| 005 - DATE AND TIME OF LATEST TRANSACTION | |
| control field | 20140828083011.0 |
| 008 - FIXED-LENGTH DATA ELEMENTS--GENERAL INFORMATION | |
| fixed length control field | 060326s2006||||xxu|||||s|||||000 1 eng d |
| 040 ## - CATALOGING SOURCE | |
| Original cataloging agency | PGUSA |
| Language of cataloging | eng |
| 042 ## - AUTHENTICATION CODE | |
| Authentication code | dc |
| 050 #4 - LIBRARY OF CONGRESS CALL NUMBER | |
| Classification number | PR |
| 245 10 - TITLE STATEMENT | |
| Title | Stories by English Authors : |
| Remainder of title | London (Selected by Scribners) |
| Medium | [electronic resource] |
| 260 ## - PUBLICATION, DISTRIBUTION, ETC. (IMPRINT) | |
| Name of publisher, distributor, etc | Project Gutenberg, |
| Date of publication, distribution, etc | 2006 |
| 505 0# - FORMATTED CONTENTS NOTE | |
| Formatted contents note | The Inconsiderate Waiter, By J. M. Barrie -- The Black Poodle, By F. Anstey -- That Brute Simmons, By Arthur Morrison -- A Rose Of The Ghetto, By I. Zangwill -- An Idyl Of London, By Beatrice Harraden -- The Omnibus, "Q" [Quiller-Couch] -- The Hired Baby, By Marie Correlli |
| 506 ## - RESTRICTIONS ON ACCESS NOTE | |
| Terms governing access | Public domain in the USA. |
| 516 ## - TYPE OF COMPUTER FILE OR DATA NOTE | |
| Type of computer file or data note | Electronic text |
| 653 ## - INDEX TERM--UNCONTROLLED | |
| Uncontrolled term | Short stories, English |
| 653 ## - INDEX TERM--UNCONTROLLED | |
| Uncontrolled term | London (England) -- Fiction |
| 700 1# - ADDED ENTRY--PERSONAL NAME | |
| Personal name | Morrison, Arthur, |
| Dates associated with a name | 1863-1945 |
| 700 1# - ADDED ENTRY--PERSONAL NAME | |
| Personal name | Barrie, J. M. |
| Fuller form of name | (James Matthew), |
| Dates associated with a name | 1860-1937 |
| 700 1# - ADDED ENTRY--PERSONAL NAME | |
| Personal name | Corelli, Marie, |
| Dates associated with a name | 1855-1924 |
| 700 1# - ADDED ENTRY--PERSONAL NAME | |
| Personal name | Zangwill, Israel, |
| Dates associated with a name | 1864-1926 |
| 700 1# - ADDED ENTRY--PERSONAL NAME | |
| Personal name | Harraden, Beatrice, |
| Dates associated with a name | 1864-1936 |
| 700 1# - ADDED ENTRY--PERSONAL NAME | |
| Personal name | Quiller-Couch, Arthur, |
| Dates associated with a name | 1863-1944 |
| 700 1# - ADDED ENTRY--PERSONAL NAME | |
| Personal name | Anstey, F., |
| Dates associated with a name | 1856-1934 |
| 830 #0 - SERIES ADDED ENTRY--UNIFORM TITLE | |
| Uniform title | Project Gutenberg |
| Volume number/sequential designation | 2135 |
| 856 40 - ELECTRONIC LOCATION AND ACCESS | |
| Uniform Resource Identifier | <a href="http://www.gutenberg.org/ebooks/2135">http://www.gutenberg.org/ebooks/2135</a> |
| 942 ## - ADDED ENTRY ELEMENTS (KOHA) | |
| Koha item type | eBooks |
| Withdrawn status | Lost status | Damaged status | Home library | Current library | Date acquired | Total Checkouts | Date last seen | Price effective from | Koha item type |
|---|---|---|---|---|---|---|---|---|---|
| Project Gutenberg | Project Gutenberg | 08/28/2014 | 08/28/2014 | 08/28/2014 | eBooks |